000 00557nam a2200241Ia 4500
005 20260123164118.0
008 008 260114s9999 xx 000 0 eng d
020 _a9789389347593
037 _aEBOOK
040 _aCRL
040 _beng
040 _cCRL
041 _2eng
041 _aeng
084 _qCRL
100 _aGhosh
_91106066
245 0 _aInternational relations, 5/e
260 _bPHI
856 _uhttps://elibrary.phindia.com/ebooks/reader/9789389347593
942 _cEBOOK
999 _c1671189
_d1671189